00788nam a2200241Ia 450000500170000000800410001702000180005804000180007604100080009408200220010210000270012424501160015125000120026726000380027930000430031765000230036065000400038365000410042365000300046470000140049470000180050870000200052620220719153539.0210716s2002 xx 000 0 und d a9780619214236 cAIMIT LIBRARY aeng a005.300221bPARJ aParsons, June Jamrich. aNew perspectives on microsoft excel 2002 :bcomprehensive bonus edition /cBy June Jamrich Parsons...[et.al.]. a1st ed. aUSA :bCourse Technology ,c2002. axxiii,Ex12.68,ExA4.18,13p. ;c28.5 cm. aWorking with files aWorking with formulas and functions aUsing excel to manage financial data aImporting data into excel aOja, Dan. aAgeloff, Roy. aCarey, Patrick.